Chuyên đề xây dựng trình độ cấp bậc thợ

Shranjeno v:
Bibliografske podrobnosti
Glavni avtor: Ủy ban nhân dân tỉnh Cần Thơ
Format: Knjiga
Jezik:Undetermined
Izdano: Ủy ban nhân dân tỉnh Cần Thơ 2001
Teme:
Oznake: Označite
Brez oznak, prvi označite!
Thư viện lưu trữ: Trung tâm Học liệu Trường Đại học Cần Thơ
LEADER 00484nam a2200145Ia 4500
001 CTU_52854
008 210402s9999 xx 000 0 und d
082 |a 331.11 
082 |b U523 
100 |a Ủy ban nhân dân tỉnh Cần Thơ 
245 0 |a Chuyên đề xây dựng trình độ cấp bậc thợ 
260 |b Ủy ban nhân dân tỉnh Cần Thơ 
260 |c 2001 
650 |a labor supply 
980 |a Trung tâm Học liệu Trường Đại học Cần Thơ